Diseño de un mini acueducto por gravedad y planta de potabilización en la comunidad del Edén, Pueblo Nuevo, departamento de Estelí
Presenta un diseño de un mini acueducto por gravedad y planta de potabilización en la comunidad del Edén, Pueblo Nuevo, departamento de Estelí. La investigación se realizó con el fin de brindar una solución óptima a los pobladores de la comunidad El Edén, para que puedan contar con un servi...
| Main Authors: | , , |
|---|---|
| Other Authors: | |
| Format: | Tesis Section = Libro |
| Language: | Undetermined Spanish |
| Published: |
Managua
UNI/RUACS
2015
|
| Subjects: |
| LEADER | 01266nam a2200289Ia 4500 | ||
|---|---|---|---|
| 008 | 240830s9999 xx 000 0 und d | ||
| 040 | |a BIBLIOTECA-RUPAP Mon 628.72 P879 | ||
| 041 | |a spa | ||
| 082 | |a Mon 628.72 P879 | ||
| 100 | 1 | |a Poveda Blandón, Dylma Jubelka | |
| 100 | 1 | |b Provedor Reyes, Katty Maryoly | |
| 100 | 1 | |c Ruiz Benavides, Maryuri Anielka | |
| 245 | 1 | 0 | |a Diseño de un mini acueducto por gravedad y planta de potabilización en la comunidad del Edén, Pueblo Nuevo, departamento de Estelí |
| 260 | |a Managua |b UNI/RUACS |c 2015 | ||
| 300 | |a 77 p. :il. | ||
| 500 | |a Contiene: anexos. | ||
| 502 | |a Tesis (Ingeniero Civil)- UNI, 2015. | ||
| 520 | 3 | |a Presenta un diseño de un mini acueducto por gravedad y planta de potabilización en la comunidad del Edén, Pueblo Nuevo, departamento de Estelí. La investigación se realizó con el fin de brindar una solución óptima a los pobladores de la comunidad El Edén, para que puedan contar con un servicio de agua potable. | |
| 650 | 7 | |a ABASTECIMIENTO DE AGUA | |
| 650 | 7 | |b AGUA POTABLE | |
| 650 | 7 | |c CALIDAD DEL AGUA | |
| 650 | 7 | |d ESTUDIO HIDROGEOLOGICO | |
| 650 | 7 | |e ANALISIS DEL AGUA | |
| 700 | 1 | |a Tutor: |b González, Eddie M. | |
| 942 | |c BK |2 ddc | ||
| 991 | |a TESIS | ||
| 999 | |c 16567 | ||